| 000 | 01763na a2200397 4500 | ||
|---|---|---|---|
| 001 | 22925 | ||
| 003 | MIRAKIL | ||
| 005 | 20181213155254.0 | ||
| 008 | 170303b tu 000 0 | ||
| 035 | _a13419 | ||
| 040 |
_aMilas _btur _cTR-AnCHP |
||
| 041 | _atur | ||
| 082 |
_aCHP 324.956411 _bA57 2009/01 |
||
| 090 | _aCHP 324.956411 A57 2009/01 | ||
| 091 | _aARŞİV-SEÇMEN ARAŞTIRMALARI | ||
| 245 |
_a29 mart 2009 yerel seçimleri öncesi Antalya Büyükşehir Belediyesi siyasal eğilim araştırması _bOcak 2009, Antalya _c[hazırlayan] Objektif Araştırma Danışmanlık |
||
| 246 | _a2009 Antalya siyasal eğilim araştırması | ||
| 260 |
_aAntalya _bObjektif _cOcak 2009 |
||
| 300 |
_ayklş. 30 s. _btbl.; grf. _c21x29 sm. |
||
| 500 | _aYerel numaradaki sayılar araştırmanın yapıldığı ayları temsil eder : Ocak -1 ; Şubat - 2 ; Mart - 3 ; Nisan - 4 ; Mayıs - 5; Haziran - 6 ; Temmuz - 7; Ağustos - 8; Eylül - 9; Ekim - 10; Kasım - 11 ; Aralık - 12. | ||
| 610 |
_aCHP _xKamuoyu araştırmaları _ySiyasal eğilim _zAntalya |
||
| 650 |
_aYerel yönetimler _xKamuoyu araştırmaları _zAntalya |
||
| 650 |
_aKamuoyu araştırmaları _zAntalya |
||
| 650 |
_aYerel yönetimler _xKamuoyu araştırmaları _ySiyasal eğilim _zAntalya |
||
| 651 |
_aTürkiye _xSiyaset ve yönetim _y2002- |
||
| 657 | _aCHP siyasal eğilim araştırması | ||
| 657 | _aCHP kamuoyu araştırması | ||
| 657 | _aCHP seçmen araştrması | ||
| 710 | _aObjektif Araştırma Danışmanlık | ||
| 740 | _a2009 seçmen araştırmaları | ||
| 740 | _a2009 kamuoyu araştırmaları | ||
| 740 | _a2009 siyasal eğilim araştırmaları | ||
| 830 | _aCHP kamuoyu araştırmaları | ||
| 942 |
_2ddc _cBKS |
||
| 999 |
_c9711 _d9711 |
||